000 00463cam a2200193 4500
001 D3663
008 090401t1982 xxu||||| |||| 00| 0 eng d
035 _a(Sirsi) u74370
041 _aeng
050 _a692.5
100 _aWight, H.J.
245 _aFarm building cost guide 1982
260 _aAberdeen
_bThe Scottish Farm Buildings Investigation
_c1982
300 _a76p. 30cm
350 _a0
700 _aClark, J.J
942 _n0
948 _c04/03/1997
999 _c95822
_d95822